Moldawien-Quiz - Sudden Death - Statistiken

Allgemein
  • Dieses Quiz wurde 91 mal gespielt
  • Das Durchschnittsergebnis liegt bei 3 aus 10
Answers on the Grid
Answers color-coded by a green-red scale on the quiz's grid according to % correct below.
Dies ist die Flagge Moldawiens: 🇲🇩
Moldau ist nicht in der Europäischen Union
Moldaus Hauptstadt ist Chișinău
Der Fluss Moldau fließt durch Moldau
Moldawien ist Mitglied der NATO
In Moldau leben mehr Männer als Frauen
Moldau hat noch nie den ESC gewonnen
Moldau ist ein Binnenstaat
Moldawien grenzt an ein Land mit dieser Flagge: 🇷🇴
Moldauisch wird mit lateinischen Buchstaben geschrieben
Das BIP pro Kopf von Moldawien ist höher als das von Belarus
Am BIP pro Kopf gemessen ist Moldau das ärmste Land Europas
Flächenmäßig ist Moldawien größer als Nordmazedonien
Moldau hat mehr Einwohner als Nordmazedonien
+373 ist die moldauische Vorwahl
Moldau grenzt an Russland
Moldau hat mindestens eine Stadt mit 1 Million Einwohnern
In Moldau zahlt man mit dem Euro
Moldau gehörte zur Sowjetunion
Moldawien wird nicht von der Donau durchflossen
 
Antwortstatistiken
Antwort % Korrekt
Dies ist die Flagge Moldawiens: 🇲🇩
43%
Moldau gehörte zur Sowjetunion
43%
Moldaus Hauptstadt ist Chișinău
35%
Flächenmäßig ist Moldawien größer als Nordmazedonien
33%
Moldau ist nicht in der Europäischen Union
28%
Moldawien grenzt an ein Land mit dieser Flagge: 🇷🇴
28%
Moldau ist ein Binnenstaat
25%
Moldau hat mehr Einwohner als Nordmazedonien
20%
+373 ist die moldauische Vorwahl
18%
Moldau hat noch nie den ESC gewonnen
18%
Keine übereinstimmenden Quizze gefunden
Verteilung der Resultate
Anzahl Personen mit jedem Resultat
Perzentil nach korrekt beantworteten Fragen
Ihre Resultats-Entwicklung
Sie haben dieses Quiz noch nicht gespielt